| 000 | 00558nam a2200181Ia 4500 | ||
|---|---|---|---|
| 003 | GCL | ||
| 008 | 140319s9999 xx 000 0 ara d | ||
| 040 |
_aGCL / _cGCL |
||
| 082 | 0 | 4 |
_a923.9 _bز ر |
| 100 | 1 | _aزكى محمد حسن | |
| 245 | 1 | 0 |
_aالرحالة المسلمون فى العصور الوسطى / _cزكى محمد حسن |
| 300 | _a190 | ||
| 490 |
_aالاعمال الكاملة الدكتور محمد حسن _v0 |
||
| 650 | 0 | 4 | _aالرحلات |
| 650 | 0 | 4 | _aالرحالة العرب |
| 650 | 0 | 4 | _aالمستشفون |
| 942 |
_2ddc _cBK |
||
| 999 |
_c46546 _d46546 |
||